000 00687nam a22002177a 4500
005 20251108165551.0
008 250721s9999 xx 000 0 ara d
082 1 4 _aط/612.85/يون
100 1 _aيونس، أحمد السعيد
245 1 0 _aجهازي السمع و الكلام و الجهاز البصري /
264 1 _aد.م. :
_bدار الفكر العربي،
_c[19-].
300 _a23ص.
490 0 _aالمعرفه الطبيه للناشئه
_v6
650 1 7 _aالسمع
650 1 7 _aالاذن
650 1 7 _aالعين
653 _aناشئون صغار (10-14 سنة)
700 1 _aالخضري، رواية محمد
942 _2ddc
_cBK
999 _c30935
_d30935